Evolution, time and space: the emerge of the biosphere
Furkejuvvon:
| Váldodahkki: | |
|---|---|
| Eará dahkkit: | , |
| Materiálatiipa: | Girji |
| Giella: | eaŋgalasgiella |
| Almmustuhtton: |
London, England, United Kingdom
Academic
1983
|
| Fáttát: | |
| Fáddágilkorat: |
Lasit fáddágilkoriid
Eai fáddágilkorat, Lasit vuosttaš fáddágilkora!
|
MARC
| LEADER | 00000nam a2200000 a 4500 | ||
|---|---|---|---|
| 001 | UCT5254 | ||
| 003 | CL-VaPUC | ||
| 005 | 20230112074244.0 | ||
| 008 | 961205e19830000UK |||||||||||||||||eng|d | ||
| 999 | |c 254230 |d 254228 | ||
| 040 | |c Pontificia Universidad Católica de Valparaíso | ||
| 082 | 0 | 4 | |a 578.09 SIM 1983 |2 21 |
| 100 | 0 | |a Sims, R. W |9 374608 | |
| 245 | 1 | 0 | |a Evolution, time and space: the emerge of the biosphere |
| 260 | 0 | 3 | |a London, England, United Kingdom |b Academic |c 1983 |
| 300 | |a v | ||
| 583 | |a last modification |c 19961205 00:00:00 |k Rodrigo Vera | ||
| 650 | 7 | |a BIOGEOGRAFIA |2 CL-VaPUC |9 347934 | |
| 650 | 0 | |a Ecología |9 258124 | |
| 650 | 0 | |a Evolución |9 259442 | |
| 650 | 7 | |a BIOSFERA |2 CL-VaPUC |9 264378 | |
| 650 | 7 | |a RECURSOS BIOLOGICOS |2 CL-VaPUC |9 361476 | |
| 700 | 0 | |a Price, J. H |9 374609 | |
| 700 | 0 | |a Whalley, P. E |9 374610 | |
| 942 | |c BK |2 ddc | ||
| 945 | |d 19961205 00:00:00 |a paguirre | ||
| 952 | |0 0 |1 0 |2 ddc |4 0 |6 578_090000000000000_SIM_1983 |7 0 |8 A |9 275729 |a BIBCUR |b BIBCUR |d 2019-11-19 |h v.23 |i 1795228 |o 578.09 SIM 1983 |p 1795228 |r 2025-04-22 |t 1 |w 2019-11-19 |y BK |k BIO | ||